Teacher's role in English speaking classes at Danang's high schools /

Bewaard in:
Bibliografische gegevens
Hoofdauteur: Phan Thảo My
Formaat: Onbekend
Taal:English
Gepubliceerd in: 2005.
Onderwerpen:
Tags: Voeg label toe
Geen labels, Wees de eerste die dit record labelt!
Thư viện lưu trữ: Mạng thư viện Đại học Đà Nẵng
LEADER 01125na a2200325 4500
001 000031213
003 5816
005 20230311075358.0
008 151001s2005 000 eng
040 |a LNN 
041 |a eng 
082 |a 420.8  |b PH-M 
100 |a Phan Thảo My 
245 0 |a Teacher's role in English speaking classes at Danang's high schools /  |c Phan Thảo My. 
260 |c 2005. 
300 |a 33tr. : mh ; 30cm. 
650 |a Teacher's role in English speaking classes at Danang's high schools, 2005, 33tr 
852 |b P.Doc  |c Luận văn sinh viên 
OWN |a LNN 
AVA |a UDN50  |b LNN  |c English  |d 420.8 PH-M  |e available  |t Error 5001 Not defined in file expand_doc_bib_avail.  |f 2  |g 0  |h N  |i 0  |j AN  |k 1 
999 |a From the UDN01 
AVA |a UDN50  |b LNN  |c English  |d 420.8 PH-M  |e available  |t Error 5001 Not defined in file expand_doc_bib_avail.  |f 2  |g 0  |h N  |i 0  |j AN  |k 1 
TYP |a Printed language 
980 |a Mạng thư viện Đại học Đà Nẵng